The book of the green planet

Enregistré dans:
Détails bibliographiques
Format: Livre
Tags: Ajouter un tag
Pas de tags, Soyez le premier à ajouter un tag!
Thư viện lưu trữ: Mạng thư viện Đại học Đà Nẵng
LEADER 00408nam a22001691a 4500
001 000040531
003 16826
005 20160412023231.0
008 160412s0 000
082 |a A2359 
245 |a The book of the green planet  |c Kotzwinkle 
OWN |a LNN 
999 |a From the UDN01 
TYP |a Monograph 
980 |a Mạng thư viện Đại học Đà Nẵng